Привод рудничных машин: учебник для техникумов

ग्रंथसूची विवरण
मुख्य लेखक: Фотиев М. М. Михаил Михайлович
अन्य लेखक: Гопак А. А. Анатолий Александрович
भाषा:रूसी
प्रकाशित: Москва, Недра, 1987
श्रृंखला:Среднетехническое образование
विषय:
स्वरूप: MixedMaterials पुस्तक
KOHA link:https://koha.lib.tpu.ru/cgi-bin/koha/opac-detail.pl?biblionumber=271354

MARC

LEADER 00000nam0a2200000 4500
001 271354
005 20231101234429.0
020 |a RU  |b 87-52651 
035 |a (RuTPU)RU\TPU\book\294536 
090 |a 271354 
100 |a 20141007d1987 m y0rusy5003 ca 
101 0 |a rus 
102 |a RU 
105 |a a j 001zy 
200 1 |a Привод рудничных машин  |e учебник для техникумов  |f М. М. Фотиев, А. А.Гопак 
210 |a Москва  |c Недра  |d 1987 
215 |a 176 с.  |c ил.  |d 22 см 
225 1 |a Среднетехническое образование 
320 |a Библиогр.: с. 172 (9 назв.) 
320 |a Предм. указ.: с. 173-174 
606 1 |a Рудничное оборудование  |x Приводы  |x Расчет  |2 stltpush  |3 (RuTPU)RU\TPU\subj\25622  |9 49729 
610 1 |a понятия 
610 1 |a электроприводы 
610 1 |a гидроприводы 
610 1 |a пневмоприводы 
610 1 |a устройство 
610 1 |a механические свойства 
610 1 |a применение 
610 1 |a учебники 
675 |a 622.002.5-8(075.32)  |z rus  |v 3 
700 1 |a Фотиев  |b М. М.  |g Михаил Михайлович  |4 070 
701 1 |a Гопак  |b А. А.  |g Анатолий Александрович  |4 070 
801 0 |a RU  |b RuMRKP  |c 19950417  |g psbo 
801 1 |a RU  |b 63413507  |c 20141007 
801 2 |a RU  |b 63413507  |c 20161208  |g RCR 
942 |c BK